Os impactos da produção de cana no Cerrado e Amazônia /
El análisis explora los efectos de la producción de caña de azúcar en las regiones del Cerrado y la Amazonía en Brasil. Examina cómo esta actividad impacta los ecosistemas y comunidades locales, abordando desafíos ambientales, sociales y económicos derivados de su expansión. Se destaca la necesidad...
Furkejuvvon:
| Váldodahkki: | |
|---|---|
| Materiálatiipa: | Dovdameahttun |
| Giella: | Portuguese |
| Almmustuhtton: |
San Pablo, Brasil :
Rede Social de Justiça e Direitos Humanos ; Comissão Pastoral da Terra
|
| Fáttát: | |
| Fáddágilkorat: |
Lasit fáddágilkoriid
Eai fáddágilkorat, Lasit vuosttaš fáddágilkora!
|
MARC
| LEADER | 00000 a2200000 04500 | ||
|---|---|---|---|
| 001 | 43720 | ||
| 003 | cru CIDCACS/IIS | ||
| 005 | 20231003160323.0 | ||
| 008 | 050630s2008 bl por d | ||
| 020 | |a [sin ISBN] | ||
| 040 | |c cru CIDCACS/IIS | ||
| 090 | |a 16.03.02 I34i | ||
| 100 | |a Mendonça, Maria Luisa | ||
| 245 | |a Os impactos da produção de cana no Cerrado e Amazônia / |c Maria Luisa Mendonça | ||
| 260 | |a San Pablo, Brasil : |b Rede Social de Justiça e Direitos Humanos ; Comissão Pastoral da Terra | ||
| 300 | |a 79 páginas : fotos, gráficos, mapas | ||
| 520 | |a El análisis explora los efectos de la producción de caña de azúcar en las regiones del Cerrado y la Amazonía en Brasil. Examina cómo esta actividad impacta los ecosistemas y comunidades locales, abordando desafíos ambientales, sociales y económicos derivados de su expansión. Se destaca la necesidad de enfoques sostenibles que consideren la conservación de recursos naturales y el bienestar de las poblaciones afectadas. RAR 08/2023 | ||
| 650 | 4 | |2 OCDE |9 1951 |a PRODUCCION AGROPECUARIA | |
| 650 | 0 | |2 OCDE |9 2022 |a DETERIORO AMBIENTAL | |
| 650 | 0 | |2 UNESCO |9 343 |a ECOSISTEMAS | |
| 650 | 0 | |2 OCDE |9 2519 |a COMUNIDADES | |
| 650 | 0 | |2 OCED |9 627 |a DESARROLLO LOCAL | |
| 650 | 0 | |2 OCDE |9 11649 |a DESAFIOS | |
| 650 | 0 | |2 OCDE |9 2049 |a DESARROLLO SOSTENIBLE | |
| 650 | 4 | |2 OCDE |9 2011 |a RECURSOS NATURALES | |
| 650 | 0 | |2 OCDE |9 5368 |a PROTECCION AMBIENTAL | |
| 650 | 0 | |2 OCDE |9 7537 |a DESARROLLO AGRICOLA | |
| 650 | 0 | |2 OCDE |9 7789 |a AMBIENTALISMO | |
| 650 | 0 | |2 UNESCO |9 2849 |a DESARROLLO REGIONAL | |
| 650 | 0 | |2 UNESCO |9 344 |a BIODIVERSIDAD | |
| 650 | 4 | |2 UNESCO |9 2011 |a RECURSOS NATURALES | |
| 651 | 0 | |2 OCDE |9 7137 |a AMAZONAS | |
| 651 | 0 | |2 OCDE |9 387 |a BRASIL | |
| 942 | |2 z |c LI |h 16.03.02 I34i |i 06270 |6 160302_I34I_06270 | ||
| 999 | |c 16192 |d 16192 | ||
